Популярные речи Г. Гельмгольца: перевод слушательниц С. П. Б. Высших женских курсов; Ч. 1
| Hovedforfatter: | |
|---|---|
| Andre forfattere: | , |
| Summary: | Типография В. Безобразова и Комп. Авт. и загл. указаны на корешке Текст в русской дореформенной орфографии |
| Sprog: | russisk |
| Udgivet: |
Санкт-Петербург, Издание К. Л. Риккера, 1898
|
| Udgivelse: | 2-е изд., испр. и перераб. |
| Fag: | |
| Format: | MixedMaterials Bog |
| KOHA link: | https://koha.lib.tpu.ru/cgi-bin/koha/opac-detail.pl?biblionumber=314917 |
MARC
| LEADER | 00000nam0a2200000 4500 | ||
|---|---|---|---|
| 001 | 314917 | ||
| 005 | 20231102002727.0 | ||
| 035 | |a (RuTPU)RU\TPU\book\340349 | ||
| 090 | |a 314917 | ||
| 100 | |a 20160220d1898 m y0rusy50 ca | ||
| 101 | 1 | |a rus |c ger | |
| 102 | |a RU | ||
| 105 | |a ac z 000zy | ||
| 200 | 1 | |a Популярные речи Г. Гельмгольца |e перевод слушательниц С. П. Б. Высших женских курсов |h Ч. 1 |f Г. Л. Ф. Гельмгольц |g под ред. О. Д. Хвольсона и С. Я. Терешина | |
| 205 | |a 2-е изд., испр. и перераб. | ||
| 210 | |a Санкт-Петербург |c Издание К. Л. Риккера |d 1898 | ||
| 215 | |a 145 с. |c ил., портр. | ||
| 300 | |a Типография В. Безобразова и Комп. | ||
| 300 | |a Авт. и загл. указаны на корешке | ||
| 300 | |a Текст в русской дореформенной орфографии | ||
| 316 | |5 63413507: М-132751 |a На титульном листе, форзаце и некоторых страницах текста штамп-экслибрис Н. И. Бутакова | ||
| 317 | |5 63413507: М-132751 |a Поступила в НТБ в 1970 г. в составе книжного собрания профессора ТПИ И. Н. Бутакова | ||
| 600 | 1 | |a Фарадей |g Майкл |b М. |f 1791-1867 |c английский физик, химик |2 stltpush |3 (RuTPU)RU\TPU\pers\1366 | |
| 606 | 1 | |a Физика |2 stltpush |3 (RuTPU)RU\TPU\subj\63709 |9 80688 | |
| 610 | 1 | |a естествознание | |
| 610 | 1 | |a владельческие знаки | |
| 610 | 1 | |a библиотека И. Н. Бутакова | |
| 610 | 1 | |a силы | |
| 610 | 1 | |a природа | |
| 610 | 1 | |a сохранение | |
| 610 | 1 | |a цели | |
| 610 | 1 | |a электричество | |
| 675 | |a 53(09) |v 4 | ||
| 675 | |a 09 |v 4 | ||
| 700 | 1 | |a Гельмгольц |b Г. Л. Ф. |c немецкий естествоиспытатель |f 1821-1893 |g Герман Людвиг Фердинанд |2 stltpush |3 (RuTPU)RU\TPU\pers\6201 |9 1207 | |
| 702 | 1 | |a Хвольсон |b О. Д. |c российский физик |c член-корреспондент Петербургской АН |f 1852-1934 |g Орест Данилович |2 stltpush |3 (RuTPU)RU\TPU\pers\9668 |4 340 |9 1936 | |
| 702 | 1 | |a Терешин |b С. Я. |4 340 | |
| 801 | 1 | |a RU |b 63413507 |c 20160220 | |
| 801 | 2 | |a RU |b 63413507 |c 20190805 |g RCR | |
| 942 | |c BK | ||